000 00320nam a22001217a 4500
999 _c17867
_d17867
008 190731b xxu||||| |||| 00| 0 eng d
020 _a1855391066
050 _aLB1060
_b.M35 2006 c.1
245 _aMaking Learning Fun
260 _aLondon
_bUniversity of first age publishers
_c2006
300 _a96p.
942 _2lcc
_cBK